| 000 | 00602nam a2200229 a 4500 | ||
|---|---|---|---|
| 999 |
_c7846 _d7846 |
||
| 001 | 7846 | ||
| 003 | BD-JhCC | ||
| 005 | 20180214170226.0 | ||
| 008 | 171219s2008 b d|||| || | 000 0 eng d | ||
| 035 | _a(BD-JhCC)7846 | ||
| 040 |
_aBD-JhCC _dBD-JhCC |
||
| 041 | _aeng | ||
| 082 |
_a311 _bSHI 2008 |
||
| 100 | _aShil, Rabindra Nath | ||
| 245 |
_aAn Introduction to the theory of statistics / _c Rabindra Nath Shil |
||
| 260 |
_aChittagong : _bHazibook Depot, _c2008. |
||
| 300 |
_a505 p. : _c22 cm. |
||
| 650 | _aStatistic | ||
| 700 | _aSubash Chandra Debnath | ||
| 942 |
_2ddc _cBK |
||